• 首页
  • 本馆介绍
  • 公告通知
  • 最新文献
  • 馆藏检索
  • 电子资源
  • 读者导购
  • 参考咨询
  • 我的图书馆
  • 登录
  • 详细信息显示
  • 放入我的书架
  • 预约/预借图书
  • 作者相关作品
  • 分类相关作品
  • 丛书相关作品
  • 出版社相关作品

书目信息

  • 表格格式
  • 工作单格式
  • 卡片格式
题名:
科学与人文的交融
    
 
作者: 龚育之 著
分册: 上  
出版信息: 北京   科学出版社  2013
页数: 34,393页
开本: 24cm
丛书名: 国科大文丛
单 册:
中图分类: N05
科图分类:
主题词: 自然科学--关系--人文科学--研究 , 自然科学 , 人文科学
电子资源:
ISBN: 978-7-03-037888-0
000 01039nam0 2200289 450
001 524
005 20140910083212.76
010    @a978-7-03-037888-0@dCNY99.00
100    @a20130805d2013 em y0chiy50 ea
101 0  @achi
102    @aCN@b110000
105    @ay z 000yy
106    @ar
200 1  @a科学与人文的交融@AKe Xue Yu Ren Wen De Jiao Rong@h上@HShang@f龚育之著@FGong Yu Zhi Zhu
210    @a北京@c科学出版社@d2013
215    @a34,393页@d24cm
225 2  @a国科大文丛@f任定成主编
300    @a中国科学院研究生教育基金会资助出版
330    @a本文集分上下两册,结集了龚育之教授在科学技术论和自然辩证法领域的一百多篇文章,按内容大致分为科学和科学史、科学技术政策、科学技术论、自然辩证法、科学与人文五个部分,反映了龚育之教授的主要学术思想。本册为上册。
461  0 @12001 @a国科大文丛
606 0  @a自然科学@x关系@x人文科学@x研究
606 0  @a自然科学
606 0  @a人文科学
690    @aN05@v5
701  0 @a龚育之@AGong Yu Zhi@f(1929~2007)@4著
801  0 @aCN@bTANGWEI@c20140603
905    @b0838858-60@dN05@e194:1@f3
    
    科学与人文的交融.上/龚育之著.-北京:科学出版社,2013
    34,393页;24cm.-(国科大文丛/任定成主编)
    中国科学院研究生教育基金会资助出版
    
    ISBN 978-7-03-037888-0:CNY99.00
    本文集分上下两册,结集了龚育之教授在科学技术论和自然辩证法领域的一百多篇文章,按内容大致分为科学和科学史、科学技术政策、科学技术论、自然辩证法、科学与人文五个部分,反映了龚育之教授的主要学术思想。本册为上册。
●
相关链接 在E读中查询图书 在五车中查询图书 在当当中查询图书 在豆瓣中查询图书


正题名:科学与人文的交融     索取号:N05/194:1         预约/预借

序号 登录号 条形码 馆藏地/架位号 状态 备注
1 0838858   208388582   第二样本阅览室/ [索取号:N05/194:1] 在馆    
2 0838859   208388591   密集书库-物理学院/ [索取号:N05/194:1] 在馆    
3 0838860   208388608   第三借阅区/ [索取号:N05/194:1] 在馆    
唐山师范学院图书馆 欢迎您!
大连网信软件有限公司© 版权所有